INCIDENCIA DE LOS EQUIPOS DE GESTION Y COGESTION EN LOS CENTROS DE NIVEL BASICO ANAIMA TEJEDA CHAPMAN Y ALVIDA MARINA ACOSTA EN VILLA CENTRAL DISTRITO EDUCATIVO 01 03 2009 2010 (Record no. 393)
[ view plain ]
| 000 -LEADER | |
|---|---|
| campo de control de longitud fija | 00978nam a22001937a 4500 |
| 001 - NÚMERO DE CONTROL | |
| campo de control | 1451 |
| 005 - FECHA Y HORA DE LA ÚLTIMA TRANSACCIÓN | |
| campo de control | 20250522045537.0 |
| 008 - DATOS DE LONGITUD FIJA--INFORMACIÓN GENERAL | |
| campo de control de longitud fija | 5230202010 dr a |
| 090 ## - LOCALMENTE ASIGNADO TIPO-LC NÚMERO DE CLASIFICACIÓN (OCLC); NÚMERO DE CLASIFICACIÓN LOCAL (RLIN) | |
| Número de clasificación (OCLC) (R) ; Numero de clasificación, CALL (RLIN) (NR) | EDU 2010-008 |
| 100 ## - ENTRADA PRINCIPAL--NOMBRE DE PERSONA | |
| Nombre de persona | JESUS LAURENS, AMARILIS DEL ROSARIO DE |
| 245 ## - MENCIÓN DEL TÍTULO | |
| Título | INCIDENCIA DE LOS EQUIPOS DE GESTION Y COGESTION EN LOS CENTROS DE NIVEL BASICO ANAIMA TEJEDA CHAPMAN Y ALVIDA MARINA ACOSTA EN VILLA CENTRAL DISTRITO EDUCATIVO 01 03 2009 2010 |
| Mención de responsabilidad, etc. | Amarilis del Rosario de Jesús Laurens, Rosa Ramíres De la Cruz, Binelis Rasanna Pérez Peña |
| 260 ## - PUBLICACIÓN, DISTRIBUCIÓN, ETC. | |
| Lugar de publicación, distribución, etc. | Barahona : |
| Nombre del editor, distribuidor, etc. | UNIVERSIDAD CATOLICA TECNOLOGICA DE BARAHONA |
| 300 ## - DESCRIPCIÓN FÍSICA | |
| Extensión | 180, [12]h : |
| Otros detalles físicos | il. |
| 502 ## - NOTA DE TESIS | |
| Nota de tesis | Curso Optativo Equivalente a la Tesis (Lic. en Educación Básica). -- UCATEBA |
| 504 ## - NOTA DE BIBLIOGRAFÍA, ETC. | |
| Nota de bibliografía, etc. Nota | Incluye Bibliografía |
| 650 ## - PUNTO DE ACCESO ADICIONAL DE MATERIA--TÉRMINO DE MATERIA | |
| Fuente del encabezamiento o término | 1.INCIDENCIA DE LOS EQUIPOR DE GESTION Y COGESTION EN LOS CENTROS EDUCATIVOS DEL NIVEL BASICO |
| 700 ## - ENTRADA AGREGADA--NOMBRE PERSONAL | |
| Nombre de persona | I.RAMIREZ DE LA CRUZ, ROSA, COAUT |
| 700 ## - ENTRADA AGREGADA--NOMBRE PERSONAL | |
| Nombre de persona | II.PEREZ PEÑA, BINELIS ROSANNA, COAUT |
| Estatus retirado | Estado de pérdida | Estado de daño | Restricciones de uso | No para préstamo | Colección | Biblioteca de origen | Biblioteca actual | Fecha de adquisición | Total de préstamos | Signatura topográfica completa | Código de barras | Visto por última vez | Copia número | Precio de reemplazo | Tipo de ítem Koha |
|---|---|---|---|---|---|---|---|---|---|---|---|---|---|---|---|
| Acervo general de Libros | Biblioteca Central Mons. Favio M. Rivas S. | Biblioteca Central Mons. Favio M. Rivas S. | 19/03/2013 | EDU 2010-008 | 000000000461 | 23/05/2025 | 1 | 23/05/2025 | Tesis | ||||||
| Acervo general de Libros | Biblioteca Central Mons. Favio M. Rivas S. | Biblioteca Central Mons. Favio M. Rivas S. | 15/10/2015 | EDU 2010-008 | 000000004057 | 23/05/2025 | 2 | 23/05/2025 | Tesis |
